| 000 | 00000nas 2200000za 4500 |
| 001 | 9.829002 |
| 003 | CaOODSP |
| 005 | 20221107145200 |
| 007 | cr ||||||||||| |
| 008 | 161212d19982004onc x m o f0###a0fre|d |
| 040 | |aCaOODSP|bfre |
| 043 | |an-cn--- |
| 086 | 1 |aYM32-5F-pdf |
| 130 | 0 |aEn bref (Canada. Direction de la recherche parlementaire : En ligne) |
| 245 | 10|aEn bref |h[resource électronique] / |cDirection de la recherché parlementaire. |
| 260 | |a[Ottawa] : |bBibliothèque du Parliament,|c1998-2004. |
| 310 | |aIrrégulier |
| 500 | |aPublié aussi en anglais sous le titre : In brief (Canada. Parliamentary Research Branch : Online) |
| 500 | |aSuivi de: En bref (Canada. Service d'information et de recherche parlementaires : En ligne) |
| 520 | |aCourts textes sur des questions d’actualité où l’on dirige à l’occasion le lecteur vers des documents plus fouillés sur le même sujet. |
| 692 | 07|2gccst|aRecherche |
| 710 | 1 |aCanada.|bBibliothèque du Parlement. |bDirection de la recherche parlementaire. |
| 775 | 08|tIn brief |w(CaOODSP)9.828982 |
| 785 | 00|tEn bref |w(CaOODSP)9.501314 |